Statistics for Countries in Africa Entirely in the Southern Hemisphere-PME

Click here to take the quiz!

General Stats

  • This quiz has been taken 16 times
  • The average score is 15 of 17

Answer Stats

HintAnswer% Correct
It's In Africa and it's only in the southern HemisphereSeychelles
100%
It's In Africa and it's only in the southern HemisphereAngola
92%
It's In Africa and it's only in the southern HemisphereComoros
92%
It's In Africa and it's only in the southern HemisphereLesotho
92%
It's In Africa and it's only in the southern HemisphereMadagascar
92%
It's In Africa and it's only in the southern HemisphereMalawi
92%
It's In Africa and it's only in the southern HemisphereMauritius
92%
It's In Africa and it's only in the southern HemisphereNamibia
92%
It's In Africa and it's only in the southern HemisphereRwanda
92%
It's In Africa and it's only in the southern HemisphereSouth Africa
92%
It's In Africa and it's only in the southern HemisphereSwaziland
92%
It's In Africa and it's only in the southern HemisphereZambia
92%
It's In Africa and it's only in the southern HemisphereZimbabwe
92%
It's In Africa and it's only in the southern HemisphereBotswana
85%
It's In Africa and it's only in the southern HemisphereBurundi
85%
It's In Africa and it's only in the southern HemisphereMozambique
85%
It's In Africa and it's only in the southern HemisphereTanzania
85%

Score Distribution

Percentile by Number Answered

Percent of People with Each Score

Your Score History

You have not taken this quiz